Statistics for Countries with the most Linux-Users

Click here to take the quiz!

General Stats

  • This quiz has been taken 121 times
  • The average score is 6 of 20

Answer Stats

%#Linux using country% Correct
1.2619Germany
79%
1.2620India
72%
1.7313France
66%
2.3110Finland
62%
1.5416Italy
58%
1.8911Spain
58%
1.6417Estonia
38%
1.7312Czech Republic
29%
1.4318Democratic Republic of the Congo
20%
6.331Cuba
18%
2.487Uganda
18%
2.339Kenya
17%
1.6314Tanzania
17%
2.428Ethiopia
16%
2.935Mozambique
15%
3.702Venezuela
15%
3.154Zimbabwe
15%
1.6015Madagascar
13%
3.203Uruguay
11%
2.806Macedonia
4%

Score Distribution

Percentile by Number Answered

Percent of People with Each Score

Your Score History

You have not taken this quiz